00326nam a2200133Ia 450000500170000000800410001708200130005810000210007124500230009225000080011526000380012330000130016165000180017420250324043637.0240331s9999 xx 000 0 und d bRAJa894 aRajanarayanan, K 0aKoththai paruththi a2nd aShivagangaibAkaram Achagamc1991 a130 p ., aShort Stories